00773nam a2200181 i 4500001000700000003000900007005001700016008004100033080003300074100003400107245013200141260006600273300003500339530003500374650005600409852003700465856008900502164430ES-MaACL20250827063228.0940615s1868 sp d |||| |cspa d a929 (460) "16/18" : 78 (038)1 aSaldoni, Baltasar,d1807-188910aDiccionario biográfico-bibliográfico de efemérides de músicos españoles / cescrito y publicado por Baltasar Saldoni. aMadrid : b[s.n.], c1868 (fImp. de Antonio Pérez Dubrull) a1 v. (XVII, 339 p.) ; c23 cm. aDisponible en formato digital.04aMúsicos-zEspaña-xBiografías-vDiccionarios. aES-MaACLjF-12346 z- Enc. pasta uhttp://bdh-rd.bne.es/viewer.vm?id=0000045895&page=1 zBiblioteca Digital Hispánica